000 00675nam a2200217Ia 4500
003 OSt
005 20220923212031.0
006 a|||||r|||| 00| 0
007 ta
008 220922b |||||||| |||| 00| 0 hin d
024 _a150,089
037 _cTextual
040 _aARTS
_cARTS
_bhin
041 _2hin
_ahin
082 _a32:N60, 152K01
100 _aत्रिपाठी, शम्भूरत्न
_9156299
245 0 _aसमाजशासीय विश्वकोष
246 _aSamājashāsīya vishvakoṣha
942 _h32:N60, 152K01
_cTEXL
_2CC
999 _c305769
_d305769